[Event "Ceske Budejovice op-A"]
[Site "Ceske Budejovice"]
[Date "2023.07.08"]
[Round "8"]
[White "Stavova, Marketa"]
[Black "Kavanova, Anezka"]
[Result "1/2-1/2"]
[WhiteElo "1388"]
[BlackElo "1456"]
[PlyCount "73"]
[EventDate "2023.07.01"]
[EventType "swiss"]
[EventRounds "9"]
[EventCountry "CZE"]
[SourceTitle "CBM 215 Extra"]
[Source "ChessBase"]
[SourceDate "2023.09.30"]
[SourceVersion "1"]
[SourceVersionDate "2023.09.30"]
[SourceQuality "1"]

1. e4 c6 2. Nf3 c5 3. Bb5 Nc6 4. 0-0 g6 5. c3 Bg7 6. d3 d5 7. Ne1 e5 8. Nf3 Nge7 9. Re1 b6 10. Ng5 Qc7 11. Ba4 dxe4 12. Nxe4 0-0 13. Be3 Na5 14. Bc2 f5 15. Ng5 h6 16. Nf3 g5 17. h3 Bb7 18. Nh2 Nd5 19. c4 Nb4 20. a3 Nxc2 21. Qxc2 Qc6 22. f3 Qf6 23. Bf2 g4 24. hxg4 Qg6 25. Qe2 fxg4 26. fxg4 Rae8 27. Ra2 Nb3 28. Qd1 h5 29. Re4 Qf6 30. Re2 Nd4 31. Bxd4 exd4 32. b3 hxg4 33. Nxg4 Qh4 34. Rf2 Rxf2 35. Rxf2 Bc8 36. Nh2 Qe7 37. Nf1 1/2-1/2

[Event "Ceske Budejovice op-A"]
[Site "Ceske Budejovice"]
[Date "2023.07.03"]
[Round "3"]
[White "Stavova, Marketa"]
[Black "Vaculik, Martin1111"]
[Result "0-1"]
[WhiteElo "1388"]
[BlackElo "1963"]
[PlyCount "52"]
[EventDate "2023.07.01"]
[EventType "swiss"]
[EventRounds "9"]
[EventCountry "CZE"]
[SourceTitle "CBM 215 Extra"]
[Source "ChessBase"]
[SourceDate "2023.09.30"]
[SourceVersion "1"]
[SourceVersionDate "2023.09.30"]
[SourceQuality "1"]

1. e4 c5 2. Nf3 Nc6 3. Bb5 g6 4. 0-0 Bg7 5. c3 e5 6. d3 Nge7 7. Re1 0-0 8. Nbd2 d6 9. Nf1 h6 10. Ng3 Be6 11. Ba4 a6 12. Bd2 b5 13. Bc2 d5 14. Qc1 Kh7 15. h3 d4 16. Nh2 Rc8 17. Ne2 f5 18. f4 fxe4 19. cxd4 exd4 20. Rf1 c4 21. Ng3 cxd3 22. Bd1 e3 23. Be1 Nb4 24. Qb1 d2 25. a3 Rc1 26. Qe4 Bd5 0-1

[Event "CZE-ch U16 Girls"]
[Site "Teplice"]
[Date "2023.03.18"]
[Round "9"]
[White "Stavova, Marketa"]
[Black "Hetfleischova, Elen"]
[Result "0-1"]
[WhiteElo "1284"]
[BlackElo "1623"]
[PlyCount "82"]
[EventDate "2023.03.11"]
[EventType "swiss"]
[EventRounds "9"]
[EventCountry "CZE"]
[SourceTitle "CBM 213 Extra"]
[Source "ChessBase"]
[SourceDate "2023.05.31"]
[SourceVersion "1"]
[SourceVersionDate "2023.05.31"]
[SourceQuality "1"]

1. e4 c5 2. Nf3 Nc6 3. Bb5 a6 4. Bxc6 bxc6 5. 0-0 d5 6. e5 g6 7. c3 d4 8. cxd4 cxd4 9. Qa4 Bb7 10. Nxd4 Rc8 11. Nc3 Bg7 12. Re1 e6 13. Nf3 Ne7 14. Qg4 c5 15. Rd1 Qd3 16. Re1 Nf5 17. Ne4 h5 18. Qf4 Bh6 19. Nfg5 0-0 20. Qf3 Qb5 21. Nf6+ Kg7 22. Nge4 Nd4 23. Qd1 Rcd8 24. Nd6 Rxd6 25. Nxh5+ gxh5 26. exd6 Qc6 27. f3 Kh7 28. d3 Rg8 29. Rf1 Bf8 30. Kh1 Bxd6 31. Qd2 Bf8 32. Qf4 Nf5 33. Qe5 Bd6 34. Qf6 Qc7 35. g3 Rg6 36. Qc3 Bxg3 37. Qd2 Be5 38. Qf2 Bd4 39. Qe2 Nh4 40. Be3 Bxe3 41. Qxe3 Rg2 0-1

[Event "CZE-ch U16 Girls"]
[Site "Teplice"]
[Date "2023.03.16"]
[Round "7"]
[White "Stavova, Marketa"]
[Black "Zelbova, Lada"]
[Result "0-1"]
[WhiteElo "1284"]
[BlackElo "1822"]
[PlyCount "46"]
[EventDate "2023.03.11"]
[EventType "swiss"]
[EventRounds "9"]
[EventCountry "CZE"]
[SourceTitle "CBM 213 Extra"]
[Source "ChessBase"]
[SourceDate "2023.05.31"]
[SourceVersion "1"]
[SourceVersionDate "2023.05.31"]
[SourceQuality "1"]

1. d4 d5 2. c4 e6 3. Nc3 c6 4. cxd5 exd5 5. Nf3 Nf6 6. Bg5 Be7 7. Qc2 0-0 8. e3 Ne4 9. Bxe7 Qxe7 10. Bd3 Re8 11. h3 Nd7 12. 0-0 f6 13. Nd2 f5 14. Be2 Ndf6 15. Ncxe4 Nxe4 16. Nxe4 fxe4 17. Kh1 Qh4 18. Qc5 Bxh3 19. g3 Qf6 20. Rg1 Qh6 21. Rge1 Bg4+ 22. Kg1 Bf3 23. Bxf3 exf3 0-1

[Event "CZE-ch U16 Girls"]
[Site "Teplice"]
[Date "2023.03.13"]
[Round "3"]
[White "Mullerova, Karina Nela"]
[Black "Stavova, Marketa"]
[Result "1/2-1/2"]
[WhiteElo "1283"]
[BlackElo "1284"]
[PlyCount "87"]
[EventDate "2023.03.11"]
[EventType "swiss"]
[EventRounds "9"]
[EventCountry "CZE"]
[SourceTitle "CBM 213 Extra"]
[Source "ChessBase"]
[SourceDate "2023.05.31"]
[SourceVersion "1"]
[SourceVersionDate "2023.05.31"]
[SourceQuality "1"]

1. b4 e5 2. Bb2 d6 3. e3 Nf6 4. c4 Be6 5. d3 Nbd7 6. Nd2 c6 7. a3 Qc7 8. Ngf3 Be7 9. Be2 0-0 10. 0-0 b6 11. Qc2 Qb8 12. d4 Ne8 13. Ne4 Bf5 14. Bd3 Bg6 15. Neg5 f5 16. e4 f4 17. dxe5 dxe5 18. c5 bxc5 19. bxc5 Nef6 20. Rab1 Qc8 21. Nxe5 Nxe5 22. Bxe5 h6 23. Qc4+ Kh8 24. Ne6 Bf7 25. Nxf8 Bxc4 26. Ng6+ Kh7 27. Nxe7 Qe6 28. Bxc4 Qxe7 29. Bd6 Qxe4 30. Rbc1 f3 31. Rfd1 Qg4 32. Bg3 Re8 33. h3 Qh5 34. Bd3+ Kh8 35. Bf1 Rc8 36. Rd3 fxg2 37. Bxg2 Qg5 38. Rdd1 Nh5 39. Bd6 Nf4 40. Bxf4 Qxf4 41. Re1 Qg5 42. Kh1 Qf4 43. Kg1 Qg5 44. Kh1 1/2-1/2

[Event "CZE-ch Rapid (Women)"]
[Site "Ceska Trebova"]
[Date "2022.05.14"]
[Round "4"]
[White "Stavova, Marketa"]
[Black "Turkova, Karolina"]
[Result "0-1"]
[WhiteElo "1274"]
[BlackElo "1891"]
[PlyCount "94"]
[EventDate "2022.05.14"]
[EventType "swiss (rapid)"]
[EventRounds "9"]
[EventCountry "CZE"]
[SourceTitle "CBM 208 Extra"]
[Source "ChessBase"]
[SourceDate "2022.07.31"]
[SourceVersion "1"]
[SourceVersionDate "2022.07.31"]
[SourceQuality "1"]

1. e4 e5 2. Nf3 Nc6 3. Bc4 Nf6 4. d3 Be7 5. c3 d6 6. h3 0-0 7. 0-0 Na5 8. Nbd2 Nxc4 9. Nxc4 Be6 10. Ncd2 c6 11. Nb3 Qc7 12. Re1 Rfe8 13. d4 exd4 14. cxd4 d5 15. e5 Ne4 16. Nfd2 Nxd2 17. Bxd2 a5 18. Rc1 b6 19. Be3 a4 20. Nd2 Qd7 21. a3 Rec8 22. Nf3 c5 23. Qd2 Rab8 24. Ng5 Bf5 25. Red1 h6 26. Nf3 Be4 27. Ne1 c4 28. f3 Bg6 29. Kh2 b5 30. Ra1 b4 31. axb4 Bxb4 32. Qe2 Rb7 33. Bd2 Bxd2 34. Rxd2 Rcb8 35. Qd1 Rb3 36. Qc1 Bf5 37. Ra2 c3 38. Re2 Rc8 39. bxc3 Rcxc3 40. Qd1 Qb5 41. Nc2 Rb1 42. Qd2 Rbb3 43. Qd1 Qc4 44. Ne3 Rxe3 45. Rxe3 Rxe3 46. Rxa4 Qe2 47. Qg1 Rxf3 0-1

[Event "CZE-ch U14 Girls"]
[Site "Luhacovice"]
[Date "2022.03.18"]
[Round "8"]
[White "Kavanova, Anezka"]
[Black "Stavova, Marketa"]
[Result "1/2-1/2"]
[WhiteElo "1089"]
[BlackElo "1146"]
[PlyCount "110"]
[EventDate "2022.03.12"]
[EventType "swiss"]
[EventRounds "9"]
[EventCountry "CZE"]
[SourceTitle "EXT 2023"]
[Source "ChessBase"]
[SourceDate "2022.10.05"]
[SourceVersion "1"]
[SourceVersionDate "2022.10.05"]
[SourceQuality "1"]

1. e4 e5 2. Nf3 Nc6 3. Bb5 Bc5 4. 0-0 d6 5. d4 exd4 6. Nxd4 Nge7 7. Bg5 Bd7 8. Bxc6 bxc6 9. Nf5 f6 10. Nxg7+ Kf7 11. Bh6 Rg8 12. Qh5+ Ng6 13. Nf5 Qb8 14. Bc1 Rh8 15. Nd2 Qb6 16. Nb3 Rae8 17. Bh6 Rhg8 18. Rad1 Rxe4 19. Bc1 Rh8 20. Nh6+ Ke7 21. Nxc5 Qxc5 22. Qxc5 dxc5 23. Rfe1 Re6 24. Be3 Rd8 25. Bxc5+ Ke8 26. Bxa7 Ra8 27. Rxe6+ Bxe6 28. Bd4 Rd8 29. Re1 Rxd4 30. Rxe6+ Kd7 31. Re1 Rd2 32. g3 Rxc2 33. Rb1 Ne5 34. Kg2 Ke6 35. a4 Nc4 36. b3 Nb6 37. a5 Na8 38. b4 Ra2 39. Kf3 Kd5 40. Ng4 f5 41. Ne3+ Ke5 42. Rc1 Ra4 43. Rxc6 Rxb4 44. Rh6 c5 45. Rh5 c4 46. Rxf5+ Kd6 47. h4 c3 48. Rd5+ Kc6 49. Ke2 Nc7 50. Rd3 Nb5 51. a6 Ra4 52. Nc2 Kc5 53. f4 Rxa6 54. f5 Rf6 55. g4 h6 1/2-1/2

[Event "CZE-ch U14 Girls"]
[Site "Luhacovice"]
[Date "2022.03.12"]
[Round "1"]
[White "Stavova, Marketa"]
[Black "Dudkova, Josefina"]
[Result "0-1"]
[WhiteElo "1146"]
[BlackElo "1545"]
[PlyCount "40"]
[EventDate "2022.03.12"]
[EventType "swiss"]
[EventRounds "9"]
[EventCountry "CZE"]
[SourceTitle "EXT 2023"]
[Source "ChessBase"]
[SourceDate "2022.10.05"]
[SourceVersion "1"]
[SourceVersionDate "2022.10.05"]
[SourceQuality "1"]

1. e4 d5 2. exd5 Nf6 3. Nf3 Qxd5 4. Nc3 Qh5 5. Be2 Bg4 6. d3 Nc6 7. Be3 0-0-0 8. Qd2 e5 9. 0-0-0 e4 10. h3 Bxf3 11. gxf3 exf3 12. Bf1 Bb4 13. Kb1 Nd5 14. Qe1 Nxc3+ 15. bxc3 Ba3 16. Ka1 Qa5 17. Rb1 b5 18. Bd2 Rhe8 19. Qd1 b4 20. c4 Qe5+ 0-1

[Event "Ceske Budejovice op-B"]
[Site "Ceske Budejovice"]
[Date "2020.07.07"]
[Round "7"]
[White "Barta, David"]
[Black "Stavova, Marketa"]
[Result "1-0"]
[WhiteElo "1541"]
[BlackElo "1219"]
[PlyCount "113"]
[EventDate "2020.07.01"]
[EventType "swiss"]
[EventRounds "9"]
[EventCountry "CZE"]
[SourceTitle "CBM 197 Extra"]
[Source "ChessBase"]
[SourceDate "2020.09.30"]
[SourceVersion "1"]
[SourceVersionDate "2020.09.30"]
[SourceQuality "1"]

1. c4 e5 2. e3 c5 3. Nc3 Nf6 4. g3 d6 5. Bg2 Nc6 6. Nf3 Be7 7. 0-0 0-0 8. d4 exd4 9. exd4 cxd4 10. Nxd4 Bd7 11. Bf4 Qb6 12. Nxc6 Bxc6 13. Bxc6 Qxc6 14. Nd5 Nxd5 15. Qxd5 Qxd5 16. cxd5 Rac8 17. Rac1 b6 18. Rfe1 Rxc1 19. Rxc1 g5 20. Be3 Ra8 21. Rc7 Kf8 22. Kg2 h6 23. Kf3 Ke8 24. Kg4 Bf6 25. b3 Kf8 26. Kh5 Kg7 27. Rd7 Rb8 28. Rxd6 Rb7 29. Kg4 Be5 30. Rd8 Bf6 31. Ra8 Rd7 32. h3 Kg6 33. Kf3 Rxd5 34. Rxa7 Rf5+ 35. Kg2 b5 36. Rc7 b4 37. Rc5 Rxc5 38. Bxc5 Bc3 39. g4 f6 40. Kf3 Kf7 41. Ke4 Kg6 42. Kd3 Kf7 43. f3 Ke6 44. Kc4 Ke5 45. Bxb4 Bxb4 46. Kxb4 Kd6 47. Ka5 Kc7 48. Ka6 Kb8 49. b4 Ka8 50. Kb6 Kb8 51. a4 Ka8 52. Kc7 Ka7 53. b5 Ka8 54. b6 f5 55. b7+ Ka7 56. b8Q+ Ka6 57. Qb6# 1-0